| 000 | 00954nam a2200253 a 4500 | ||
|---|---|---|---|
| 001 | 2070117 | ||
| 008 | 181031s1995 ||||||||||||||||| || u | ||
| 010 | _a94033889 | ||
| 020 | _a9780803957473 | ||
| 020 | _a0803957475 (pbk.) | ||
| 050 | _aP 95.45 Psa | ||
| 100 | _aPsathas, George | ||
| 245 | 1 | 0 |
_aConversation analysis: the study of talk-in-interaction _cBy George Psathas |
| 260 |
_aThousand Oaks: _bSAGE _c1995 |
||
| 300 | _avii, 85p. | ||
| 350 | _a29.00 | ||
| 490 | _aQualitative research methods | ||
| 490 | _vv. 35 | ||
| 500 | _aIncludes bibliographical references (p. 79-84). | ||
| 650 | 0 | _aCONVERSATION ANALYSIS | |
| 856 | _uhttp://www.loc.gov/catdir/enhancements/fy0655/94033889-d.html | ||
| 856 | _uhttp://www.loc.gov/catdir/enhancements/fy0655/94033889-t.html | ||
| 995 |
_FCBU-MAIN LIBRARY (Kitwe) _I29.00 _M1 _UAVAILABLE _WOct 31, 2018 _ZMain Library Open Access Collection |
||
| 999 |
_c38746 _d38746 |
||